000 00627nam a2200205 a 4500
005 20240806063952.0
008 991125s1981 mx 000 0 spa u
020 _a968580060X
035 _aUPN01000001211
049 _aCG
050 4 _aB738.05
_bN5.3
100 1 _aNicol, Eduardo,
_d1907-1990
_929437
245 1 3 _aLa agonía de Proteo /
_cEduardo Nicol.
260 _aMéxico :
_bUNAM, Instituto de Investigaciones Filológicas,
_c1981.
300 _a124 p.
440 0 _aCuadernos del Instituto de Investigaciones Filológicas ;
_v5
650 4 _aAntologías
_94761
650 4 _aFilosofía antigua
_96916
905 _aLibro
999 _c1211
_d1211